|
|
|
|
| LEADER |
00000nab a2200000 ar4500 |
| 001 |
vtls010091035 |
| 003 |
SK-MaSNL |
| 005 |
20260303081239.0 |
| 008 |
100503c20100426xo dr|n|||||||000 b|slo |
| 015 |
|
|
|a SNKBUCL2010/05
|2 snkbucl
|
| 038 |
|
|
|a SNKBUCL
|
| 040 |
|
|
|a SNKBUCL
|b slo
|c SNKBUCL
|e AACR2
|
| 041 |
0 |
|
|a slo
|
| 044 |
|
|
|a xo
|c SK
|
| 080 |
|
|
|a 796.853.23.093.1
|x (4)
|2 2001
|
| 245 |
0 |
0 |
|a Víťaz mu pokazil narodeniny
|b 59. majstrovstvá Európy v džude: najlepší zo Slovákov Milan Randl na siedmom mieste
|
| 300 |
|
|
|b Fotogr.
|
| 611 |
2 |
7 |
|a Majstrovstvá Európy v džude
|d (2010 :
|c Viedeň, Rakúsko)
|2 snkbucl
|9 1084225
|
| 650 |
0 |
7 |
|a džudo
|2 snkbucl
|9 3273
|
| 773 |
0 |
|
|t Šport
|g Roč. 64, č. 95 (26.4.2010), s. 37
|x 0139-7001
|
| 852 |
|
|
|a SNK
|b KIS3GCP
|
| 999 |
|
|
|c 1783821
|d 1785751
|